| 000 | 00463nam a2200181Ia 4500 | ||
|---|---|---|---|
| 008 | 151202s9999||||xx |||||||||||||| ||und|| | ||
| 082 | _bPNVM-18792 | ||
| 100 | _aMADOC PERRY. | ||
| 245 | _aDAYS & MOMENTS QUICKLY FLYING. | ||
| 260 | _b"COLLINS,LONDON." | ||
| 260 | _c1959 | ||
| 300 | _a250 | ||
| 600 | _aMADOC PERRY. | ||
| 630 | _aDAYS & MOMENTS QUICKLY FLYING. | ||
| 700 | _aMADOC PERRY. | ||
| 730 | _aDAYS & MOMENTS QUICKLY FLYING. | ||
| 942 | _cBOOK | ||
| 999 |
_c1284776 _d1284773 |
||